| 000 | 01986nam a2200445 i 4500 | ||
|---|---|---|---|
| 001 | ebr10856260 | ||
| 003 | CaPaEBR | ||
| 006 | m o d | ||
| 007 | cr cn||||||||| | ||
| 008 | 140415t20122012enk o 001 0 eng d | ||
| 020 | _z9780715638576 | ||
| 020 | _z9781472557865 | ||
| 020 | _a9781472501738 (e-book) | ||
| 040 |
_aCaPaEBR _beng _erda _epn _cCaPaEBR |
||
| 035 | _a(OCoLC)878148078 | ||
| 050 | 1 | 4 |
_aQ151 _b.S567 2012eb |
| 082 | 0 | 4 |
_a114 _223 |
| 245 | 0 | 0 |
_aSimplicius : _bon Aristotle physics 1.5-9 / _ctranslated by Han Baltussen [and three others] ; with an introduction by Richard Sorabji. |
| 264 | 1 |
_aLondon ; _aNew York : _bBloomsbury Academic, _c2012. |
|
| 264 | 4 | _c�2012 | |
| 300 | _a1 online resource (176 pages). | ||
| 336 |
_atext _2rdacontent |
||
| 337 |
_acomputer _2rdamedia |
||
| 338 |
_aonline resource _2rdacarrier |
||
| 490 | 1 | _aAncient Commentators on Aristotle | |
| 500 | _a"Paperback edition first published 2014"--T. p. verso. | ||
| 500 | _aIncludes indexes. | ||
| 588 | _aDescription based on online resource; title from PDF title page (ebrary, viewed April 14, 2014). | ||
| 590 | _aElectronic reproduction. Palo Alto, Calif. : ebrary, 2014. Available via World Wide Web. Access may be limited to ebrary affiliated libraries. | ||
| 600 | 0 | 0 |
_aAristotle. _tPhysics. |
| 650 | 0 |
_aSpace and time _vEarly works to 1800. |
|
| 650 | 0 |
_aPhysics _vEarly works to 1800. |
|
| 655 | 0 | _aElectronic books. | |
| 700 | 1 |
_aBaltussen, H., _etranslator. |
|
| 700 | 1 |
_aSorabji, Richard, _eauthor of introduction, etc. |
|
| 776 | 0 | 8 |
_iPrint version: _tSimplicius : on Aristotle physics 1.5-9. _dLondon ; New York : Bloomsbury Academic, c2012 _h169 pages _kAncient commentators on Aristotle (London, England) _z9780715638576 |
| 797 | 2 | _aebrary. | |
| 830 | 0 | _aAncient commentators on Aristotle (London, England) | |
| 856 | 4 | 0 |
_uhttp://site.ebrary.com/lib/rucke/Doc?id=10856260 _zAn electronic book accessible through the World Wide Web; click to view |
| 999 |
_c208149 _d208149 |
||